| 000 | 01092nam a22002057a 4500 | ||
|---|---|---|---|
| 008 | 250625b |||||||| |||| 00| 0 eng d | ||
| 020 | _a9781533285591 | ||
| 040 | _ctbs | ||
| 041 |
_aeng _aspa |
||
| 100 |
_aRangel, Francisco _925583 _eauthor |
||
| 245 |
_aReal Spanish _b: learn how to speak spanish like an argentine through dialogues _c/ Francisco Rangel. |
||
| 260 |
_a[Place of publication not identified] : _b[Publisher not identified], _c2015. |
||
| 300 |
_a1 volume _c23 cm. |
||
| 520 | _aLearn how to speak Spanish like an Argentine with dialogues written and translated by native Spanish speakers from Argentina. This book is designed to supplement your language learning and will help you improve your Spanish conversation skills. Audio recordings of the dialogues can be downloaded absolutely free. See inside book for details. | ||
| 650 | 0 |
_aSpanish language _xSelf-instruction _925339 |
|
| 650 | 0 |
_aSpanish language _xConversation and phrase books _925338 |
|
| 650 | 0 |
_aSpanish language _xTextbooks for foreign speakers _912081 |
|
| 655 | 0 |
_aSelf-instruction _924883 |
|
| 942 | _2lcc | ||
| 999 |
_c4796 _d4796 |
||